| 000 -LEADER |
| fixed length control field |
00810cam a2200229 a 4500 |
| 020 ## - INTERNATIONAL STANDARD BOOK NUMBER |
| ISBN |
1566901189 |
| 020 ## - INTERNATIONAL STANDARD BOOK NUMBER |
| ISBN |
9781566901185 |
| 020 ## - INTERNATIONAL STANDARD BOOK NUMBER |
| ISBN |
1566901197 |
| 020 ## - INTERNATIONAL STANDARD BOOK NUMBER |
| ISBN |
9781566901192 |
| 040 ## - CATALOGING SOURCE |
| Transcribing agency |
DLC |
| 082 00 - DEWEY DECIMAL CLASSIFICATION NUMBER |
| Classification number |
910 YUE 1997 A101 Co. |
| 100 1# - MAIN ENTRY--AUTHOR NAME |
| Personal name |
Chou, Yue-Hong, |
| 245 10 - TITLE STATEMENT |
| Title |
Exploring spatial analysis in geographic information systems / |
| 250 ## - EDITION STATEMENT |
| Edition statement |
First edition |
| 300 ## - PHYSICAL DESCRIPTION |
| Number of Pages |
xiii, 474 pages : |
| Other physical details |
illustrations ; |
| Dimensions |
23 cm |
| 520 ## - SUMMARY, ETC. |
| Summary, etc |
"For students and professionals who wish to quickly become proficient with spacial analytical techniques employed in geographic information systems." |
| 650 #0 - SUBJECT ADDED ENTRY--TOPICAL TERM |
| Topical Term |
Geographic information systems |
| 650 #0 - SUBJECT ADDED ENTRY--TOPICAL TERM |
| Topical Term |
Spatial analysis (Statistics) |
| 650 #4 - SUBJECT ADDED ENTRY--TOPICAL TERM |
| Topical Term |
Analyse spatiale (Statistique) |
| 650 #4 - SUBJECT ADDED ENTRY--TOPICAL TERM |
| Topical Term |
Syst©·mes d'information g©♭ographique |
| 942 ## - ADDED ENTRY ELEMENTS (KOHA) |
| Koha item type |
សៀវភៅភាសាអង់គ្លេស |
| 952 ## - LOCATION AND ITEM INFORMATION (KOHA) |
| Withdrawn status [LOCAL, KOHA] |
0 |